000 00685nam a2200205 a 4500
001 BRCA_663
005 20190320203111.0
008 160408s1984----cu-a---###---#000-0#spa-#
050 4 _aN910.534
_b.R56 1984
100 1 _aRíos Marrero, Lucía N.
_92208
245 1 0 _aMuseo de Ambiente Histórico Cubano
_cLucía N. Ríos Marrero.
260 _aSantiago de Cuba
_bOriente
_c1984
300 _a141 p.
_bil. blanco y negro
_c19 cm.
440 0 _aMuseos y monumentos
_92209
500 _aIncluye glosario
504 _aBibliografía: p. 137-139
610 2 4 _aMuseo de Ambiente Histórico Cubano
_vGuías
_zSantiago de Cuba
_92210
650 1 4 _aMuseos de historia
_zCuba
_92211
942 _2lcc
_cB
999 _c574
_d574